La moral como derecho: estudio sobre la moralidad en la filosofía del derecho de Hegel
I tiakina i:
| Kaituhi matua: | |
|---|---|
| Hōputu: | Pukapuka |
| Reo: | Pāniora |
| I whakaputaina: |
Madrid
Trotta
2001
|
| Rangatū: | Colección Estructuras y Procesos. Serie Filosofía
|
| Ngā marau: | |
| Ngā Tūtohu: |
Tāpirihia he Tūtohu
Kāore He Tūtohu, Me noho koe te mea tuatahi ki te tūtohu i tēnei pūkete!
|
MARC
| LEADER | 00000nam a2200000 a 4500 | ||
|---|---|---|---|
| 001 | UCN9199 | ||
| 003 | CL-VaPUC | ||
| 008 | 011130e20010000SP |||||||||||||||||spa|d | ||
| 082 | 0 | 4 | |a 340.112 |b AME |2 21 |
| 100 | |a Amengual Coll, Gabriel |e autor |9 465702 | ||
| 245 | 1 | 3 | |a La moral como derecho: estudio sobre la moralidad en la filosofía del derecho de Hegel |
| 300 | |a 478 p | ||
| 942 | |c BK | ||
| 945 | |d 20011130 00:00:00 |a vberengu | ||
| 260 | |a Madrid |b Trotta |c 2001 | ||
| 650 | 0 | |a Filosofía del derecho |9 255050 | |
| 650 | 0 | |a Derecho y moral |9 394363 | |
| 650 | 0 | |a Etica y derecho |9 341370 | |
| 583 | |a last modification |c 20011130 00:00:00 |k Rodrigo Vera | ||
| 490 | 0 | |a Colección Estructuras y Procesos. Serie Filosofía | |
| 999 | |c 298721 |d 298719 | ||
| 952 | |0 0 |1 0 |4 0 |6 340_112000000000000_AME_2001 |7 0 |8 DER_TF |9 354564 |a BIBDER |b BIBDER |d 2019-11-21 |i 377984K |l 1 |o 340.112 AME 2001 |p 377984K |r 2023-01-25 |s 2020-03-16 |w 2019-11-21 |x Ubicación 4to Piso |y BK |z Estos recursos deben solicitarse con anticipación |k DER | ||
| 952 | |0 0 |1 2 |4 0 |6 340_112000000000000_AME_2001 |7 0 |8 A |9 354565 |a BIBTEO |b BIBTEO |d 2019-11-21 |i 3785769 |o 340.112 AME 2001 |p 3785769 |r 2019-11-21 |w 2019-11-21 |y BK |k ICR | ||
| 952 | |0 0 |1 0 |4 0 |6 340_112000000000000_AME_2001 |7 0 |8 A |9 354566 |a BIBDER |b BIBDER |d 2019-11-21 |i 3846393 |o 340.112 AME 2001 |p 3846393 |r 2023-01-25 |w 2019-11-21 |y BK |k DER | ||